000
00302nam a22001457a 4500
020
_a
81-7130-133-1
082
_a
894.812.3
_b
BAS/A
100
_a
BASHEER
245
_a
ANURAGATHINTE BASHEER
260
_a
2017
_b
DC BOOKS
_c
KOTTAYAM
300
_a
200
520
_a
NOVEL
650
_a
NOVEL
942
_c
BK
999
_c
4728
_d
4728